| 000 | 00397nam a2200181Ia 4500 | ||
|---|---|---|---|
| 001 | 5246 | ||
| 005 | 20260306145854.0 | ||
| 008 | 260306t2000||||xx |||||||||||||| ||spa|| | ||
| 041 | _aESP | ||
| 082 |
_a338.4791 _bk49 |
||
| 100 |
_aKhatchikian, Miguel _eAUT |
||
| 245 | 0 | _aHistoria del turismo | |
| 260 | _c2000 | ||
| 300 |
_a _c |
||
| 650 | _aGEN | ||
| 654 | _aCAN | ||
| 942 |
_cLIB _dJUS _fJUS _2ddc _n |
||
| 999 |
_c5246 _d5246 |
||